[Event "SVK-ch U14"]
[Site "Liptovsky Mikulas"]
[Date "2005.04.13"]
[Round "4"]
[White "Csiba, Dominik"]
[Black "Lesundak, Marek"]
[Result "1-0"]
[WhiteElo "1665"]
[BlackElo "1350"]
[PlyCount "51"]
[EventDate "2005.04.11"]
[EventType "swiss"]
[EventRounds "9"]
[EventCountry "SVK"]
[SourceTitle "EXT 2008"]
[Source "ChessBase"]
[SourceDate "2007.11.25"]
[SourceVersion "1"]
[SourceVersionDate "2007.11.25"]
[SourceQuality "1"]

1. d4 d5 2. c4 dxc4 3. Nc3 Nf6 4. e4 e6 5. Bxc4 b6 6. Bg5 Be7 7. e5 Nd5 8. Bxd5 exd5 9. Bxe7 Qxe7 10. Nxd5 Qd7 11. Qf3 Bb7 12. Nf6+ gxf6 13. Qxb7 Qc6 14. Qc8+ Ke7 15. Qxh8 Nd7 16. Qg7 fxe5 17. dxe5 Qe4+ 18. Ne2 Nxe5 19. Qg5+ f6 20. Qe3 Qxe3 21. fxe3 Nd3+ 22. Kd2 Rd8 23. Nd4 Ne5 24. Kc3 c5 25. Nf5+ Ke6 26. e4 1-0